00450 2200169 4500001002100000005001500021008004100036020002200077035001900099041000700118082000900125090001600134100001800150245003700168260004500205650003000250INLIS00000000001166420241224114225241224||||||||| | ||| |||| || |  a978-602-03-0145-7 0010-1224011664 aid0 aNONE a153.2 NOR k0 aRichie Norton00aKEKUATAN dalam memulai HAL BODOH aJakartabpt gramedia pustaka utamac2014 0aIlmu Filsafat & Psikologi